Terapia chorôb kožných a venerických

Bibliographic Details
Main Author: Tréger, Ján, 1894-1957 (Author)
Format: Book
Language:Slovak
PhysicalDescription:98 s.
Published: Bratislava Lekárska komora 1943
Series:Knižnica časopisu "Slovenský lekár" sv. 1

MARC

LEADER 00000nam a2200000 a 4500
001 vtls008295706
003 SK-MaSNL
005 20260301204436.0
008 240315s1943 xo 000 0 slo
040 |a SNK  |b slo  |c SNK  |e AACR2 
041 0 |a slo 
044 |a xo  |c SK 
100 1 |a Tréger, Ján,  |d 1894-1957  |4 aut  |9 120201 
245 1 0 |a Terapia chorôb kožných a venerických  |c Ján Tréger 
260 |a Bratislava  |b Lekárska komora  |c 1943 
300 |a 98 s. 
490 0 |a Knižnica časopisu "Slovenský lekár"  |v sv. 1 
852 |a Slovenská národná knižnica v Martine  |b 10000  |h SD 11605 
999 |c 906439  |d 908369 
952 |a SNK  |b SNK  |y PREZ  |7 0  |p 17A0483329  |o snkSD 11605  |i snk1620/56  |3 rekatalogizácia  |0 0  |1 0  |4 0  |d 2005-08-25  |l 0  |r 2025-11-25 00:00:00  |w 2026-02-24 
952 |a SNK  |b SNK  |y VYP  |7 0  |p 17A1315818  |o snkSD 11605 D1  |i snkD 1034/64  |8 1  |3 rekatalogizácia  |0 0  |1 0  |4 0  |d 2020-09-25  |l 0  |r 2026-02-24 07:29:19  |w 2026-02-24